000 00314nam a2200121Ia 4500
008 241028s9999 xx 000 0 und d
041 _aeng
082 _a005.133 RAO
100 _aRao
245 _aMachine Learning In Data Science Using Python
260 _bWiley India
_aNew Delhi
_c2022
300 _a926;. P. 23 cm
999 _c43015
_d43015